000 00763nam a2200241Ia 4500
003 OSt
005 20220923223823.0
006 a|||||r|||| 00| 0
007 ta
008 Pun
024 _a221,668
037 _cTextual
040 _aARTS
_cARTS
_bPun
041 _2Pun
_aPun
082 _aO153,1M81:g, P4
100 _aਆਨੰਦ, ਤ੍ਰਲੋਕ ਸਿੰਘ
245 0 _aਪ੍ਰੋ, ਪੂਰਨ ਸਿੰਘ ਦੀ ਕਾਵਿ ਪ੍ਰਤਿਭਾ
260 _aਲੁਧਿਆਣਾ
_b ਚੇਤਨਾ ਪ੍ਰਕਾFਨ
_c2004
300 _a167ਪੰ
_ccm.
650 _aਪੰਜਾਬੀ ਸਾਹਿਤ
942 _hO153,1M81:g, P4
_cTEXL
_2CC
999 _c367560
_d367560